HRM Cases / (Record no. 84227)
[ view plain ]
| 000 -LEADER | |
|---|---|
| fixed length control field | 00642nam a2200229 a 4500 |
| 001 - CONTROL NUMBER | |
| control field | 84227 |
| 003 - CONTROL NUMBER IDENTIFIER | |
| rucl marc code | BD-RjUL |
| 005 - DATE AND TIME OF LATEST TRANSACTION | |
| control field | 20241104110825.0 |
| 008 - FIXED-LENGTH DATA ELEMENTS--GENERAL INFORMATION | |
| fixed length control field | 241104s2021 bg ||||| |||| 00| 0 eng d |
| 020 ## - INTERNATIONAL STANDARD BOOK NUMBER | |
| International Standard Book Number | 9789849502142 |
| 035 ## - SYSTEM CONTROL NUMBER | |
| System control number | (BD-RjUL)84227 |
| 040 ## - CATALOGING SOURCE | |
| Original cataloging agency | BD-RjUL |
| Language of cataloging | eng |
| Transcribing agency | BD-RjUL |
| 041 ## - LANGUAGE CODE | |
| Language code of text/sound track or separate title | eng |
| 082 ## - DEWEY DECIMAL CLASSIFICATION NUMBER | |
| Edition number | 23 |
| Classification number | 658.3 |
| Author mark and year | TAH 2021 |
| 100 ## - MAIN ENTRY--PERSONAL NAME | |
| Personal name | Taher, Md. Abu. |
| 9 (RLIN) | 14082 |
| 245 ## - TITLE STATEMENT | |
| Title | HRM Cases / |
| Statement of responsibility, etc. | Md. Abu Taher, Md. Aftab Uddin. |
| 260 ## - PUBLICATION, DISTRIBUTION, ETC. (IMPRINT) | |
| Place of publication, distribution, etc. | Dhaka : |
| Name of publisher, distributor, etc. | Abir Publications, |
| Date of publication, distribution, etc. | c2021 |
| 300 ## - PHYSICAL DESCRIPTION | |
| Pagination | 160p.; |
| Size | 21cm. |
| 650 ## - SUBJECT ADDED ENTRY--TOPICAL TERM | |
| Topical term or geographic name as entry element | Personnel management |
| Form subdivision | Case studies. |
| 9 (RLIN) | 14083 |
| 700 ## - ADDED ENTRY--PERSONAL NAME | |
| Personal name | Uddin, Md. Aftab. |
| 942 ## - ADDED ENTRY ELEMENTS (KOHA) | |
| Source of classification or shelving scheme | Dewey Decimal Classification |
| Koha item type | Books |
| Lost status | Source of classification or shelving scheme | Damaged status | Not for loan | Collection code | Permanent Location | Current Location | Shelving location | Date acquired | Source of acquisition | Cost, normal purchase price | Total Checkouts | Full call number | Date last seen | Copy number | Koha item type |
|---|---|---|---|---|---|---|---|---|---|---|---|---|---|---|---|
| Dewey Decimal Classification | Not For Loan | Non-fiction | Central Library, University of Rajshahi | Central Library, University of Rajshahi | Reading Room | 03/11/2024 | Author | 200.00 | 658.3 TAH 2021 | 04/11/2024 | C-1 | Books | |||
| Dewey Decimal Classification | Non-fiction | Central Library, University of Rajshahi | Central Library, University of Rajshahi | General Stacks | 03/11/2024 | Author | 200.00 | 658.3 TAH 2021 | 04/11/2024 | C-2 | Books | ||||
| Dewey Decimal Classification | Non-fiction | Central Library, University of Rajshahi | Central Library, University of Rajshahi | General Stacks | 03/11/2024 | Author | 200.00 | 658.3 TAH 2021 | 04/11/2024 | C-3 | Books | ||||
| Dewey Decimal Classification | Non-fiction | Central Library, University of Rajshahi | Central Library, University of Rajshahi | General Stacks | 03/11/2024 | Author | 200.00 | 658.3 TAH 2021 | 04/11/2024 | C-4 | Books |